La Tasca de propaganda per a la prevenció dels accidents del treball portada a terme per la Comissaria d'Assegurances Socials
Publicado:
Barcelona . Generalitat de Catalunya, Conselleria de Treball :
1938
Descripción Física:
20 p. : il. ; 23 cm
Otros Autores:
Catalunya. Conselleria de Treball
Materias:
Seguretat en el treball
MARC
| LEADER | 00000nam a2200000Ia 4500 | ||
|---|---|---|---|
| 001 | 8234 | ||
| 008 | 160829s1938 xx 000 0 cat d | ||
| 080 | |a RF-6-14 | ||
| 110 | 1 | |a Catalunya. |b Comissaria d'Assegurances Socials |9 56406 | |
| 245 | |a La Tasca de propaganda per a la prevenció dels accidents del treball portada a terme per la Comissaria d'Assegurances Socials | ||
| 260 | |a Barcelona . Generalitat de Catalunya, Conselleria de Treball, |c 1938 | ||
| 300 | |a 20 p. : |b il. ; |c 23 cm | ||
| 490 | |a Publicacions de la Comissaria d'Assegurances Socials ; 1 | ||
| 650 | 0 | |a Seguretat en el treball |9 29113 | |
| 700 | |a Catalunya. Conselleria de Treball |9 28177 | ||
| 856 | 4 | |u https://media.diba.cat/diba/fitxers/arxiu/fulletons/bib_8234_1938_baixa.pdf |y Accés lliure | |
| 856 | 4 | |u https://media.diba.cat/diba/fitxers/arxiu/fulletons/bib_8234_1938_baixa.pdf |y Accés lliure | |
| 901 | |a Arxiu | ||
| 942 | |n 1 |2 udc | ||
| 952 | |0 0 |1 0 |4 0 |6 RF614 |7 1 |9 44711 |a Arxiu |b Arxiu |d 2016-12-01 |l 0 |o RF-6-14 |p 8234 |r 2016-12-01 00:00:00 |w 2016-12-01 |y ARXIU | ||
| 999 | |c 47292 |d 47292 | ||
| 900 | |a bib_8239_1938_baixa.pdf | ||